Shrinking Cities in Illinois - Statistics

General Stats
  • This quiz has been taken 38 times
  • The average score is 5 of 12
Answer Stats
Population Growth Rate (%) City % Correct
114,394 -2.2 Springfield
94%
148,655 -3.1 Rockford
90%
113,150 -1.7 Peoria
87%
180,542 -9.2 Aurora
77%
70,522 -7.6 Decatur
71%
42,985 -1.0 Moline
42%
42,404 -4.2 Belleville
23%
40,290 -9.0 DeKalb
23%
67,908 -0.9 Palatine
13%
41,105 -0.3 Bartlett
3%
40,269 -1.2 Crystal Lake
3%
55,971 -1.5 Tinley Park
3%
No matching quizzes found
Score Distribution
Percent of People with Each Score
Percentile by Number Answered
Your Score History
You have not taken this quiz